[Event "XIII International Chess Festival"]
[Site "Paracin"]
[Date "2020.07.08"]
[Round "7.1"]
[White "Basso, Pier Luigi"]
[Black "Ratkovic, Milovan"]
[Result "1-0"]
[BlackElo "2435"]
[WhiteElo "2596"]
[LiveChessVersion "1.4.8"]

1. d4 {[%clk 1:29:16]} d5 {[%clk 1:29:59]} 2. c4 {[%clk 1:28:23]} dxc4
{[%clk 1:30:17]} 3. Nf3 {[%clk 1:28:46]} a6 {[%clk 1:30:34]} 4. e3
{[%clk 1:28:19]} Bg4 {[%clk 1:30:53]} 5. h3 {[%clk 1:28:27]} Bh5 {[%clk 1:30:40]}
6. Nc3 {[%clk 1:28:27]} e6 {[%clk 1:27:01]} 7. g4 {[%clk 1:28:40]} Bg6
{[%clk 1:27:24]} 8. Ne5 {[%clk 1:29:04]} Nd7 {[%clk 1:26:40]} 9. Nxg6
{[%clk 1:29:28]} hxg6 {[%clk 1:27:05]} 10. Bxc4 {[%clk 1:29:53]} Ngf6
{[%clk 1:20:56]} 11. Bf1 {[%clk 1:28:44]} c6 {[%clk 1:19:46]} 12. Bg2
{[%clk 1:29:04]} Bd6 {[%clk 1:17:52]} 13. O-O {[%clk 1:26:19]} Nd5
{[%clk 1:03:32]} 14. e4 {[%clk 1:14:34]} Nf4 {[%clk 0:56:31]} 15. Bxf4
{[%clk 1:08:50]} Bxf4 {[%clk 0:55:42]} 16. d5 {[%clk 0:59:00]} Qe7
{[%clk 0:49:45]} 17. dxc6 {[%clk 0:57:50]} bxc6 {[%clk 0:49:47]} 18. e5
{[%clk 0:57:54]} Bxe5 {[%clk 0:47:11]} 19. Bxc6 {[%clk 0:54:04]} Rd8
{[%clk 0:42:00]} 20. Qe2 {[%clk 0:46:37]} Bxc3 {[%clk 0:35:16]} 21. bxc3
{[%clk 0:47:00]} O-O {[%clk 0:34:18]} 22. Bxd7 {[%clk 0:46:50]} Rxd7
{[%clk 0:32:51]} 23. Rfd1 {[%clk 0:42:51]} Rc7 {[%clk 0:26:02]} 24. Qxa6
{[%clk 0:36:51]} Rxc3 {[%clk 0:26:18]} 25. Rd3 {[%clk 0:37:10]} Rc2
{[%clk 0:25:41]} 26. Rad1 {[%clk 0:35:04]} Qc5 {[%clk 0:17:30]} 27. Rf3
{[%clk 0:34:41]} e5 {[%clk 0:15:32]} 28. Qa3 {[%clk 0:29:28]} Qc4
{[%clk 0:07:26]} 29. Qe7 {[%clk 0:23:03]} Rc1 {[%clk 0:02:05]} 30. Rxc1
{[%clk 0:23:20]} Qxc1+ {[%clk 0:02:29]} 31. Kg2 {[%clk 0:23:40]} Qc4
{[%clk 0:01:05]} 32. a3 {[%clk 0:21:14]} e4 {[%clk 0:00:38]} 33. Re3
{[%clk 0:20:49]} f5 {[%clk 0:00:50]} 34. Qe5 {[%clk 0:18:04]} Qf7
{[%clk 0:00:43]} 35. gxf5 {[%clk 0:14:39]} gxf5 {[%clk 0:01:08]} 36. Qf4
{[%clk 0:14:45]} Qf6 {[%clk 0:00:35]} 37. Rg3 {[%clk 0:15:07]} Ra8
{[%clk 0:00:35]} 38. Rg5 {[%clk 0:14:24]} Rf8 {[%clk 0:00:32]} 39. h4
{[%clk 0:14:29]} Qc6 {[%clk 0:00:35]} 40. Kh2 {[%clk 0:14:15]} Qc5
{[%clk 0:00:32]} 41. a4 {[%clk 0:13:51]} Qa7 {[%clk 0:00:36]} 42. h5
{[%clk 0:12:52]} Rf6 {[%clk 0:00:59]} 43. Rg6 {[%clk 0:10:15]} Qf7
{[%clk 0:00:39]} 44. Qg5 {[%clk 0:09:43]} Re6 {[%clk 0:00:31]} 45. Rxe6
{[%clk 0:09:05]} Qxe6 {[%clk 0:01:00]} 46. h6 {[%clk 0:09:09]} Qd6+
{[%clk 0:01:14]} 47. Kg2 {[%clk 0:09:19]} g6 {[%clk 0:01:40]} 48. Qe3
{[%clk 0:06:58]} Kh7 {[%clk 0:01:35]} 49. a5 {[%clk 0:06:51]} f4 {[%clk 0:01:13]}
50. Qxe4 {[%clk 0:06:47]} Kxh6 {[%clk 0:01:38]} 51. Qf3 {[%clk 0:06:54]} Kg5
{[%clk 0:01:12]} 52. Qb7 {[%clk 0:06:53]} Qe6 {[%clk 0:00:31]} 53. Qf3
{[%clk 0:06:45]} Qd6 {[%clk 0:00:40]} 54. Qe4 {[%clk 0:07:09]} Kf6
{[%clk 0:00:40]} 55. Qb7 {[%clk 0:07:18]} Qd1 {[%clk 0:00:38]} 56. Qf3
{[%clk 0:05:38]} Qd6 {[%clk 0:00:55]} 57. Qb3 {[%clk 0:04:45]} Qc6+
{[%clk 0:00:59]} 58. Kh2 {[%clk 0:05:14]} Ke5 {[%clk 0:00:43]} 59. Qb6
{[%clk 0:04:23]} Qf3 {[%clk 0:00:43]} 60. Qc5+ {[%clk 0:04:48]} Kf6
{[%clk 0:00:41]} 61. a6 {[%clk 0:05:08]} g5 {[%clk 0:00:58]} 62. Qd4+
{[%clk 0:04:54]} Kg6 {[%clk 0:00:32]} 63. a7 {[%clk 0:05:10]} Qh5+
{[%clk 0:00:50]} 64. Kg1 {[%clk 0:05:31]} Qg4+ {[%clk 0:01:15]} 65. Kf1
{[%clk 0:05:35]} Qh3+ {[%clk 0:01:39]} 66. Ke2 {[%clk 0:05:33]} Qe6+
{[%clk 0:01:53]} 67. Kd2 {[%clk 0:04:05]} Qa2+ {[%clk 0:02:04]} 68. Kd1
{[%clk 0:04:01]} Qb1+ {[%clk 0:02:22]} 69. Ke2 {[%clk 0:03:58]} Qa2+
{[%clk 0:02:07]} 70. Kf3 {[%clk 0:03:44]} Qb3+ {[%clk 0:02:05]} 71. Kg2
{[%clk 0:03:57]} Qb7+ {[%clk 0:00:33]} 72. f3 {[%clk 0:03:03]} Kf7
{[%clk 0:00:39]} 73. Qe4 {[%clk 0:02:27]} Qb2+ {[%clk 0:00:46]} 74. Kh3
{[%clk 0:02:47]} g4+ {[%clk 0:00:52]} 75. Kxg4 {[%clk 0:03:02]} Qg2+
{[%clk 0:00:55]} 76. Kxf4 {[%clk 0:03:03]} Qh2+ {[%clk 0:01:00]} 77. Ke3
{[%clk 0:03:22]} Qg1+ {[%clk 0:01:20]} 78. Kd3 {[%clk 0:03:43]} Qb1+
{[%clk 0:01:31]} 79. Kc4 {[%clk 0:04:06]} Qa2+ {[%clk 0:01:34]} 80. Kb5
{[%clk 0:04:30]} Qb3+ {[%clk 0:01:48]} 81. Kc6 {[%clk 0:04:49]} Qc3+
{[%clk 0:00:55]} 82. Kd7 {[%clk 0:05:07]} Qd2+ {[%clk 0:00:43]} 83. Kc8
{[%clk 0:04:28]} Qc3+ {[%clk 0:00:49]} 84. Kb8 {[%clk 0:04:51]} Qh8+
{[%clk 0:01:11]} 85. Kb7 {[%clk 0:04:53]} Qb2+ {[%clk 0:01:35]} 86. Kc6
{[%clk 0:04:42]} Qc3+ {[%clk 0:01:18]} 87. Kb5 {[%clk 0:05:07]} Qb3+
{[%clk 0:01:25]} 88. Qb4 {[%clk 0:05:26]} Qd5+ {[%clk 0:00:47]} 89. Qc5
{[%clk 0:05:46]} Qb3+ {[%clk 0:00:32]} 90. Ka6 {[%clk 0:06:02]} Qa2+
{[%clk 0:00:31]} 91. Kb7 {[%clk 0:06:17]} Qb3+ {[%clk 0:00:52]} 92. Kc7
{[%clk 0:03:59]} Qxf3 {[%clk 0:00:32]} 93. Qc6 {[%clk 0:04:16]} Qg3+
{[%clk 0:00:35]} 94. Kc8 {[%clk 0:04:36]} Qg8+ {[%clk 0:00:31]} 95. Kb7
{[%clk 0:05:00]} Ke8 1-0

[Event "XIII International Chess Festival"]
[Site "Paracin"]
[Date "2020.07.08"]
[Round "7.2"]
[White "Ratkovic, Miloje"]
[Black "Mendonca, Leon Luke"]
[Result "0-1"]
[BlackElo "2470"]
[WhiteElo "2456"]
[LiveChessVersion "1.4.8"]

1. d4 {[%clk 1:30:56]} Nf6 {[%clk 1:28:59]} 2. Nf3 {[%clk 1:31:06]} e6
{[%clk 1:28:58]} 3. c4 {[%clk 1:31:15]} d5 {[%clk 1:28:47]} 4. Nc3
{[%clk 1:30:04]} c6 {[%clk 1:28:44]} 5. Bg5 {[%clk 1:29:24]} h6 {[%clk 1:28:46]}
6. Bh4 {[%clk 1:29:39]} dxc4 {[%clk 1:28:46]} 7. e4 {[%clk 1:30:02]} g5
{[%clk 1:28:36]} 8. Bg3 {[%clk 1:30:25]} b5 {[%clk 1:29:01]} 9. e5
{[%clk 1:30:32]} Nd5 {[%clk 1:27:24]} 10. Be2 {[%clk 1:30:43]} Bb7
{[%clk 1:25:28]} 11. O-O {[%clk 1:30:24]} Nxc3 {[%clk 1:21:22]} 12. bxc3
{[%clk 1:30:39]} c5 {[%clk 1:21:28]} 13. a4 {[%clk 1:28:49]} a6 {[%clk 1:21:08]}
14. Qb1 {[%clk 1:23:14]} h5 {[%clk 1:20:04]} 15. axb5 {[%clk 1:02:50]} h4
{[%clk 1:19:17]} 16. bxa6 {[%clk 1:02:28]} Bd5 {[%clk 1:12:02]} 17. Qb5+
{[%clk 0:54:58]} Nc6 {[%clk 0:48:50]} 18. Bxc4 {[%clk 0:47:27]} hxg3
{[%clk 0:45:17]} 19. Bxd5 {[%clk 0:23:15]} Qxd5 {[%clk 0:45:30]} 20. fxg3
{[%clk 0:03:00]} Be7 {[%clk 0:38:34]} 21. c4 {[%clk 0:03:16]} Qd7
{[%clk 0:38:30]} 22. d5 {[%clk 0:02:20]} exd5 {[%clk 0:35:45]} 23. cxd5
{[%clk 0:02:42]} Nb4 {[%clk 0:33:31]} 24. Qxd7+ {[%clk 0:02:53]} Kxd7
{[%clk 0:34:00]} 25. d6 {[%clk 0:03:12]} Bd8 {[%clk 0:33:48]} 26. Nd2
{[%clk 0:03:20]} Ke6 {[%clk 0:30:31]} 27. a7 {[%clk 0:03:23]} Kxe5
{[%clk 0:25:06]} 28. Rxf7 {[%clk 0:03:23]} Kxd6 {[%clk 0:22:59]} 29. Ne4+
{[%clk 0:02:56]} Kc6 {[%clk 0:06:49]} 30. Rc1 {[%clk 0:02:26]} Nd3
{[%clk 0:06:00]} 31. Rc3 {[%clk 0:02:07]} Re8 {[%clk 0:06:16]} 32. Rxd3
{[%clk 0:00:34]} Rxe4 {[%clk 0:06:45]} 33. Kf1 {[%clk 0:00:35]} Be7
{[%clk 0:05:01]} 34. Ra3 {[%clk 0:00:32]} Kb6 {[%clk 0:04:52]} 35. Rb3+
{[%clk 0:00:42]} Kc6 {[%clk 0:04:30]} 36. Ra3 {[%clk 0:01:03]} c4
{[%clk 0:03:18]} 37. Ra2 {[%clk 0:00:41]} Kb6 {[%clk 0:03:37]} 38. Rb2+
{[%clk 0:00:45]} Kc6 {[%clk 0:02:31]} 39. Ra2 {[%clk 0:01:07]} c3
{[%clk 0:02:17]} 40. h4 {[%clk 0:01:03]} gxh4 {[%clk 0:02:32]} 41. gxh4
{[%clk 0:01:28]} Bxh4 {[%clk 0:01:31]} 42. Re2 {[%clk 0:01:55]} Rc4
{[%clk 0:01:09]} 43. Rc2 {[%clk 0:02:10]} Bg5 {[%clk 0:00:52]} 44. Ke2
{[%clk 0:00:34]} Rc5 {[%clk 0:01:13]} 45. Kd3 {[%clk 0:00:38]} Rd8+
{[%clk 0:01:07]} 46. Ke4 {[%clk 0:00:32]} Bd2 {[%clk 0:00:49]} 47. Ra2
{[%clk 0:01:01]} c2 {[%clk 0:00:36]} 48. a8=Q+ {[%clk 0:01:18]} Rxa8
{[%clk 0:01:00]} 49. Rxa8 {[%clk 0:01:45]} c1=Q {[%clk 0:00:53]} 50. Rc8+
{[%clk 0:02:10]} Kd6 {[%clk 0:00:42]} 0-1

[Event "XIII International Chess Festival"]
[Site "Paracin"]
[Date "2020.07.08"]
[Round "7.3"]
[White "Krasteva, Beloslava"]
[Black "Ernst, Sipke"]
[Result "0-1"]
[BlackElo "2540"]
[WhiteElo "2246"]
[LiveChessVersion "1.4.8"]

1. d4 {[%clk 1:30:51]} d5 {[%clk 1:30:26]} 2. c4 {[%clk 1:30:58]} dxc4
{[%clk 1:30:01]} 3. e3 {[%clk 1:30:53]} Nf6 {[%clk 1:25:34]} 4. Bxc4
{[%clk 1:30:53]} e6 {[%clk 1:25:59]} 5. Nf3 {[%clk 1:30:48]} c5 {[%clk 1:26:25]}
6. O-O {[%clk 1:30:48]} Nc6 {[%clk 1:26:34]} 7. Qe2 {[%clk 1:30:36]} cxd4
{[%clk 1:22:31]} 8. Rd1 {[%clk 1:30:43]} Be7 {[%clk 1:22:51]} 9. exd4
{[%clk 1:30:55]} O-O {[%clk 1:23:15]} 10. Nc3 {[%clk 1:30:58]} Na5
{[%clk 1:19:57]} 11. Bd3 {[%clk 1:29:27]} b6 {[%clk 1:20:21]} 12. Ne5
{[%clk 1:21:14]} Bb7 {[%clk 1:19:51]} 13. Be3 {[%clk 1:20:33]} Rc8
{[%clk 1:18:00]} 14. Rac1 {[%clk 1:20:12]} Nd5 {[%clk 1:12:44]} 15. Qh5
{[%clk 1:16:05]} g6 {[%clk 1:07:21]} 16. Qh3 {[%clk 1:14:01]} Nxe3
{[%clk 1:06:35]} 17. fxe3 {[%clk 1:13:21]} Bf6 {[%clk 1:04:18]} 18. b4
{[%clk 0:55:07]} Nc6 {[%clk 1:04:27]} 19. Nxc6 {[%clk 0:55:02]} Rxc6
{[%clk 1:03:51]} 20. Ne4 {[%clk 0:48:12]} Bg7 {[%clk 1:03:22]} 21. Rxc6
{[%clk 0:47:07]} Bxc6 {[%clk 1:03:44]} 22. b5 {[%clk 0:46:37]} Bd5
{[%clk 1:02:15]} 23. Nc3 {[%clk 0:37:26]} Bb7 {[%clk 1:02:19]} 24. Qg3
{[%clk 0:35:19]} Qe7 {[%clk 1:01:10]} 25. Be4 {[%clk 0:33:50]} Rc8
{[%clk 0:55:57]} 26. Bxb7 {[%clk 0:33:50]} Rxc3 {[%clk 0:54:08]} 27. Bc6
{[%clk 0:31:26]} Bf6 {[%clk 0:52:12]} 28. Rf1 {[%clk 0:29:27]} Kg7
{[%clk 0:50:58]} 29. Qe1 {[%clk 0:29:33]} Ra3 {[%clk 0:48:16]} 30. Qd2
{[%clk 0:27:21]} h5 {[%clk 0:43:26]} 31. e4 {[%clk 0:22:45]} a5 {[%clk 0:35:36]}
32. Rf3 {[%clk 0:15:00]} Bg5 {[%clk 0:25:39]} 33. Qf2 {[%clk 0:10:00]} Rxf3
{[%clk 0:26:03]} 34. gxf3 {[%clk 0:10:10]} Bf4 {[%clk 0:26:23]} 35. Qb2
{[%clk 0:08:18]} Be3+ {[%clk 0:25:36]} 36. Kf1 {[%clk 0:07:43]} Qf6
{[%clk 0:24:44]} 37. e5 {[%clk 0:08:05]} Qg5 {[%clk 0:24:31]} 38. Qg2
{[%clk 0:07:29]} Qf4 {[%clk 0:24:15]} 39. d5 {[%clk 0:06:14]} Qxe5
{[%clk 0:23:33]} 40. Qe2 {[%clk 0:05:22]} exd5 {[%clk 0:23:54]} 41. Bxd5
{[%clk 0:05:24]} Qxd5 {[%clk 0:24:14]} 42. Qxe3 {[%clk 0:05:51]} Qxb5+
{[%clk 0:24:39]} 43. Kg2 {[%clk 0:05:54]} Qb2+ {[%clk 0:25:01]} 44. Kh3
{[%clk 0:06:11]} Qxa2 {[%clk 0:25:24]} 45. Qe5+ {[%clk 0:06:00]} Kh7
{[%clk 0:25:49]} 0-1

[Event "XIII International Chess Festival"]
[Site "Paracin"]
[Date "2020.07.08"]
[Round "7.5"]
[White "Stankovic, Milos"]
[Black "Damjanovic, Vuk"]
[Result "1/2-1/2"]
[BlackElo "2208"]
[WhiteElo "2454"]
[LiveChessVersion "1.4.8"]

1. e4 {[%clk 1:29:47]} d5 {[%clk 1:30:23]} 2. exd5 {[%clk 1:28:48]} Qxd5
{[%clk 1:30:02]} 3. Nf3 {[%clk 1:27:53]} Bg4 {[%clk 1:29:39]} 4. Be2
{[%clk 1:27:20]} Nc6 {[%clk 1:29:31]} 5. d4 {[%clk 1:24:57]} O-O-O
{[%clk 1:21:04]} 6. c4 {[%clk 1:22:53]} Qf5 {[%clk 1:18:15]} 7. Be3
{[%clk 1:20:46]} e6 {[%clk 1:05:56]} 8. Nc3 {[%clk 1:12:47]} Bc5 {[%clk 0:56:20]}
9. Qb3 {[%clk 0:46:34]} Bxf3 {[%clk 0:41:36]} 10. Bxf3 {[%clk 0:43:35]} Bxd4
{[%clk 0:41:45]} 11. Bxd4 {[%clk 0:38:56]} Rxd4 {[%clk 0:41:54]} 12. Bxc6
{[%clk 0:31:22]} bxc6 {[%clk 0:42:04]} 13. O-O {[%clk 0:31:12]} Qc5
{[%clk 0:37:25]} 14. Ne2 {[%clk 0:27:40]} Rd2 {[%clk 0:35:15]} 15. Nc1
{[%clk 0:21:08]} Rd4 {[%clk 0:30:51]} 16. Ne2 {[%clk 0:21:30]} Rd2
{[%clk 0:31:19]} 17. Nc1 {[%clk 0:21:52]} Rd4 {[%clk 0:31:45]} 18. Ne2
{[%clk 0:22:14]} Rd2 {[%clk 0:32:12]} 1/2-1/2

[Event "XIII International Chess Festival"]
[Site "Paracin"]
[Date "2020.07.08"]
[Round "7.6"]
[White "Kosic, Dragan"]
[Black "Aleksic, Neven"]
[Result "1-0"]
[BlackElo "2169"]
[WhiteElo "2429"]
[LiveChessVersion "1.4.8"]

1. d4 Nf6 2. c4 e6 3. Nf3 Bb4+ 4. Nc3 O-O 5. Bg5 d5 6. e3 h6 7. Bh4 b6 8. cxd5
exd5 9. Qb3 Bxc3+ 10. Qxc3 c6 11. Bd3 Bb7 12. O-O Qd6 13. Rac1 Nbd7 14. Ne5 Ne4
15. Bxe4 dxe4 16. Nxc6 Rfe8 17. Rfd1 Rac8 18. d5 Nc5 19. Bg3 Qd7 20. Ne5 Qb5 21.
Qd4 Red8 22. d6 Ne6 23. Qd2 Rxc1 24. Rxc1 Qd5 25. Qxd5 Bxd5 26. Nc6 Bxc6 27. Rxc6
f6 28. h4 h5 29. b4 Rd7 30. f3 exf3 31. gxf3 Kf7 32. Kf2 Nd8 33. Rc8 Ke6 34. e4
Nb7 35. Re8+ Kf7 36. Ra8 Nd8 37. b5 g6 38. Ke3 Ne6 39. f4 Nc5 40. f5 Na4 41. Kd4
Nc5 42. Kd5 1-0

[Event "XIII International Chess Festival"]
[Site "Paracin"]
[Date "2020.07.08"]
[Round "7.7"]
[White "Sredojevic, Ivan"]
[Black "Martic, Ivan"]
[Result "1-0"]
[BlackElo "2386"]
[WhiteElo "2239"]
[LiveChessVersion "1.4.8"]

1. e4 {[%clk 1:30:57]} c6 {[%clk 1:30:49]} 2. Nc3 {[%clk 1:25:14]} d5
{[%clk 1:30:51]} 3. d4 {[%clk 1:22:26]} dxe4 {[%clk 1:31:10]} 4. Nxe4
{[%clk 1:22:50]} Bf5 {[%clk 1:31:28]} 5. Ng3 {[%clk 1:23:12]} Bg6
{[%clk 1:31:53]} 6. Nf3 {[%clk 1:23:27]} Nf6 {[%clk 1:31:14]} 7. h4
{[%clk 1:18:43]} h6 {[%clk 1:26:34]} 8. h5 {[%clk 1:18:51]} Bh7 {[%clk 1:26:57]}
9. Bd3 {[%clk 1:19:18]} Bxd3 {[%clk 1:27:20]} 10. Qxd3 {[%clk 1:19:40]} e6
{[%clk 1:27:32]} 11. Bd2 {[%clk 1:19:51]} Be7 {[%clk 1:26:35]} 12. O-O-O
{[%clk 1:20:02]} O-O {[%clk 1:25:33]} 13. Qe2 {[%clk 1:20:06]} Nbd7
{[%clk 1:25:30]} 14. Nf1 {[%clk 1:19:53]} c5 {[%clk 1:25:32]} 15. g4
{[%clk 1:17:35]} cxd4 {[%clk 1:25:40]} 16. Nxd4 {[%clk 1:16:12]} Qb6
{[%clk 1:13:04]} 17. Be3 {[%clk 1:08:41]} Nd5 {[%clk 1:03:08]} 18. Nf5
{[%clk 1:06:55]} Bc5 {[%clk 1:02:26]} 19. g5 {[%clk 0:53:00]} exf5
{[%clk 0:23:26]} 20. Rxd5 {[%clk 0:52:14]} Qc6 {[%clk 0:21:39]} 21. Qf3
{[%clk 0:44:21]} Rac8 {[%clk 0:12:53]} 22. Rg1 {[%clk 0:18:32]} Ba3
{[%clk 0:09:16]} 23. Qxf5 {[%clk 0:17:54]} Ne5 {[%clk 0:04:35]} 24. gxh6
{[%clk 0:09:39]} g6 {[%clk 0:04:46]} 25. hxg6 {[%clk 0:03:53]} fxg6
{[%clk 0:05:03]} 26. h7+ {[%clk 0:04:10]} Kxh7 {[%clk 0:05:12]} 27. Qe4
{[%clk 0:04:10]} Rfd8 {[%clk 0:02:57]} 28. Qh4+ {[%clk 0:04:26]} Kg7
{[%clk 0:02:46]} 29. Bh6+ {[%clk 0:04:00]} Kf7 {[%clk 0:03:01]} 30. Qf4+
{[%clk 0:04:00]} Kg8 {[%clk 0:00:56]} 31. Rxd8+ {[%clk 0:04:23]} Rxd8
{[%clk 0:01:23]} 32. Qxe5 {[%clk 0:04:45]} 1-0

[Event "XIII International Chess Festival"]
[Site "Paracin"]
[Date "2020.07.08"]
[Round "7.8"]
[White "Abramovic, Bosko"]
[Black "Sahin, Ozgun"]
[Result "0-1"]
[BlackElo "2220"]
[WhiteElo "2351"]
[LiveChessVersion "1.4.8"]

1. c4 {[%clk 1:30:57]} c5 {[%clk 1:30:55]} 2. Nf3 {[%clk 1:31:12]} Nc6
{[%clk 1:31:17]} 3. g3 {[%clk 1:31:05]} g6 {[%clk 1:31:42]} 4. d4
{[%clk 1:30:44]} cxd4 {[%clk 1:32:05]} 5. Nxd4 {[%clk 1:31:07]} Bg7
{[%clk 1:32:31]} 6. Nc2 {[%clk 1:31:25]} Nf6 {[%clk 1:30:07]} 7. Bg2
{[%clk 1:31:47]} O-O {[%clk 1:30:31]} 8. O-O {[%clk 1:32:10]} d6 {[%clk 1:30:08]}
9. Nc3 {[%clk 1:32:32]} Bd7 {[%clk 1:27:40]} 10. b3 {[%clk 1:32:44]} Qa5
{[%clk 1:25:27]} 11. Nb5 {[%clk 1:31:11]} a6 {[%clk 1:15:58]} 12. Bd2
{[%clk 1:31:15]} Qb6 {[%clk 1:13:46]} 13. Nc3 {[%clk 1:30:05]} Qc5
{[%clk 1:05:44]} 14. Na4 {[%clk 1:25:09]} Qh5 {[%clk 1:05:06]} 15. e4
{[%clk 1:23:32]} Bg4 {[%clk 0:59:55]} 16. f3 {[%clk 1:23:54]} Bh3
{[%clk 1:00:13]} 17. Nb6 {[%clk 1:23:31]} Rad8 {[%clk 0:57:10]} 18. Bxh3
{[%clk 1:21:40]} Qxh3 {[%clk 0:57:37]} 19. Rc1 {[%clk 1:21:04]} Nh5
{[%clk 0:47:51]} 20. Qe2 {[%clk 1:19:09]} Nd4 {[%clk 0:43:21]} 21. Qg2
{[%clk 1:19:34]} Qxg2+ {[%clk 0:43:46]} 22. Kxg2 {[%clk 1:19:58]} Nxc2
{[%clk 0:44:11]} 23. Rxc2 {[%clk 1:20:24]} Bd4 {[%clk 0:44:06]} 24. Nd5
{[%clk 1:19:19]} e6 {[%clk 0:42:11]} 25. Bc3 {[%clk 1:16:34]} Bxc3
{[%clk 0:40:35]} 26. Nxc3 {[%clk 1:16:50]} Nf6 {[%clk 0:40:43]} 27. Rd1
{[%clk 1:17:04]} Rd7 {[%clk 0:31:57]} 28. Rcd2 {[%clk 1:16:16]} Rfd8
{[%clk 0:31:26]} 29. Na4 {[%clk 1:10:39]} Ne8 {[%clk 0:31:44]} 30. c5
{[%clk 1:09:04]} Kf8 {[%clk 0:27:44]} 31. b4 {[%clk 1:06:06]} Ke7
{[%clk 0:27:54]} 32. Nb6 {[%clk 1:06:30]} Rc7 {[%clk 0:28:17]} 33. Nc4
{[%clk 1:06:00]} Rcd7 {[%clk 0:20:32]} 34. cxd6+ {[%clk 1:05:36]} Nxd6
{[%clk 0:20:59]} 35. Nb6 {[%clk 1:05:54]} Rc7 {[%clk 0:21:24]} 36. e5
{[%clk 1:06:18]} Nc8 {[%clk 0:21:49]} 37. Rxd8 {[%clk 1:02:24]} Nxb6
{[%clk 0:22:09]} 38. R1d4 {[%clk 0:59:36]} Nd7 {[%clk 0:19:39]} 39. Rh8
{[%clk 0:56:45]} Rc2+ {[%clk 0:19:53]} 40. Kf1 {[%clk 0:57:00]} Nxe5
{[%clk 0:16:51]} 41. Rxh7 {[%clk 0:53:22]} Nxf3 {[%clk 0:14:34]} 42. Rf4
{[%clk 0:53:36]} Ne5 {[%clk 0:15:02]} 43. a4 {[%clk 0:53:44]} g5 {[%clk 0:13:51]}
44. Re4 {[%clk 0:51:08]} Nf3 {[%clk 0:13:38]} 45. Re2 {[%clk 0:51:30]} Rc4
{[%clk 0:11:43]} 46. h3 {[%clk 0:48:42]} Rxb4 {[%clk 0:10:53]} 47. Kg2
{[%clk 0:49:05]} Nd4 {[%clk 0:11:02]} 48. Rf2 {[%clk 0:49:22]} Nf5
{[%clk 0:11:16]} 49. g4 {[%clk 0:49:33]} Nd6 {[%clk 0:11:10]} 50. Ra2
{[%clk 0:48:28]} Nc4 {[%clk 0:10:23]} 51. Rg7 {[%clk 0:48:34]} Kf6
{[%clk 0:10:11]} 52. Rg8 {[%clk 0:48:58]} Nb2 {[%clk 0:09:46]} 53. Rc8
{[%clk 0:48:18]} Nd3 {[%clk 0:09:13]} 54. Rc3 {[%clk 0:46:48]} Nf4+
{[%clk 0:09:39]} 55. Kg3 {[%clk 0:47:02]} Rxa4 {[%clk 0:08:44]} 56. Rf2
{[%clk 0:45:02]} Rb4 {[%clk 0:07:14]} 57. h4 {[%clk 0:45:19]} gxh4+
{[%clk 0:07:38]} 58. Kxh4 {[%clk 0:45:45]} Kg6 {[%clk 0:07:04]} 59. Rc7
{[%clk 0:43:56]} e5 {[%clk 0:05:34]} 60. Re7 {[%clk 0:43:33]} f6 {[%clk 0:04:45]}
61. Kg3 {[%clk 0:42:57]} Rb3+ {[%clk 0:04:52]} 62. Rf3 {[%clk 0:43:01]} Rb1
{[%clk 0:04:43]} 63. Rf2 {[%clk 0:41:02]} b5 {[%clk 0:03:56]} 64. Ra7
{[%clk 0:40:57]} Ra1 {[%clk 0:03:42]} 65. Rd2 {[%clk 0:40:49]} Ra3+
{[%clk 0:04:04]} 66. Kf2 {[%clk 0:40:52]} Nd3+ {[%clk 0:03:12]} 67. Ke2
{[%clk 0:39:21]} Nc5 {[%clk 0:03:36]} 68. Rd8 {[%clk 0:38:21]} Kg5
{[%clk 0:03:26]} 69. Rg8+ {[%clk 0:37:43]} Kf4 {[%clk 0:03:53]} 70. g5
{[%clk 0:38:01]} fxg5 {[%clk 0:03:39]} 71. Rf7+ {[%clk 0:38:19]} Ke4
{[%clk 0:04:07]} 72. Rxg5 {[%clk 0:38:42]} Ra2+ {[%clk 0:04:24]} 73. Kd1
{[%clk 0:38:58]} b4 {[%clk 0:03:48]} 74. Rc7 {[%clk 0:38:06]} Kd4
{[%clk 0:03:37]} 75. Rg6 {[%clk 0:37:47]} Ne4 {[%clk 0:02:42]} 76. Rg4
{[%clk 0:37:42]} Ke3 {[%clk 0:02:34]} 77. Kc1 {[%clk 0:37:57]} b3
{[%clk 0:01:47]} 78. Rb7 {[%clk 0:33:56]} Rc2+ {[%clk 0:02:09]} 0-1